LIBRARY & INFORMATION CENTRE, KCAET, TAVANUR

ONLINE PUBLIC ACCESS CATALOGUE (OPAC)

Gardening under lights / (Record no. 4748)

MARC details
000 -LEADER
fixed length control field 00392cam a2200157ua 4500
041 ## - LANGUAGE CODE
Language code of text/sound track or separate title eng
082 ## - DEWEY DECIMAL CLASSIFICATION NUMBER
Classification number 635.954
Item number MUR/GA
100 ## - MAIN ENTRY--AUTHOR NAME
Personal name Murphy, Wendy B .
245 ## - TITLE STATEMENT
Title Gardening under lights /
260 ## - PUBLICATION, DISTRIBUTION, ETC. (IMPRINT)
Place of publication Virginia :
Name of publisher Time life books ,
Year of publication 1959.
300 ## - PHYSICAL DESCRIPTION
Number of Pages 160 ; .
500 ## - GENERAL NOTE
General note ** Reference
942 ## - ADDED ENTRY ELEMENTS (KOHA)
Koha item type Books

No items available.

free website counter